000 00584nam a2200181Ia 4500
008 100917s9999 xx 000 0 und d
082 _b31782
100 _aरजनीश भगवान
245 _aमेघा विण बरसे धार
260 _bजीवन जागृती प्रकाशन
_c1976
300 _a58
365 _b3
520 _aअध्यात्म
630 _aमेघा विण बरसे धार
650 _aअध्यात्म
730 _aमेघा विण बरसे धार
942 _cBOOK
999 _c637176
_d637173